| 000 | 01364cam a2200349 i 4500 | ||
|---|---|---|---|
| 001 | 42030 | ||
| 003 | Mx-PuUPA | ||
| 005 | 20251105162720.0 | ||
| 008 | 140415s2024 sp a gr 001 0 spa d | ||
| 017 | _aB-13.869-2024 | ||
| 020 | _a9788425450655 | ||
| 040 |
_aMx-PuUPA _bspa _cMx-PuUPA _dMx-PuUPA _erda |
||
| 041 | 1 |
_aspa _heng |
|
| 100 | 1 |
_aFloridi, Luciano, _d1964- _eautor _915563 |
|
| 240 | 1 | 4 |
_aThe Ethics of Artificial Intelligence. _lEspañol |
| 245 | 1 | 0 |
_aÉtica de la inteligencia artificial : _bprincipios, retos y oportunidades / _cLuciano Floridi, traducción de Javier Anta |
| 264 | 1 |
_aBarcelona, España : _bHerder, _c©2024 |
|
| 300 |
_a461 páginas : _bilustraciones, gráficas, tablas (blanco y negro) ; _c22 cm |
||
| 336 |
_2rdacontent _atexto _btxt |
||
| 337 |
_2rdamedia _asin medio _bn |
||
| 338 |
_2rdacarrier _avolumen _bnc |
||
| 490 | 0 | _aBiblioteca de Filosofía | |
| 650 | 7 |
_2armarc _913986 _aInteligencia artificial _xAspectos morales y éticos |
|
| 650 | 7 |
_2armarc _aÉtica profesional |
|
| 650 | 7 |
_2armarc _aAprendizaje automático (Inteligencia artificial) |
|
| 650 | 7 |
_2armarc _aTeoría de las máquinas |
|
| 700 | 1 |
_aAnta, Javier, _etraductor |
|
| 765 | 0 |
_aFloridi, Luciano _tThe Ethics of Artificial Intelligence |
|
| 942 |
_2ddc _cLI _h006.301 _iF6218 |
||
| 999 |
_c42030 _d42030 |
||